000 00752nam a2200217Ii 4500
003 JO-AjNU
008 230606s9999||||xx |||||||||||||| ||und||
020 _a978-0-495-80955-5
040 _aJO-AjNU
_beng
_erda
_cJO-AjNU
041 _aeng
050 1 4 _aPE1441.B29 2009
100 3 _aتأليف Wingersky,Joy; م.مشارك Jan Boerner,
_eauthor
_92262
245 0 0 _aWRITING PARAGRAPHS AND ESSAYS :integrating Reading,Writing and Grammar Skills
250 _a6 ed
264 3 1 _aUSA:WADSWORTH CENGAGE Learning,2009
300 _a515p
336 _atext
_btxt
_2rdacontent
337 _aunmediated
_bn
_2rdamedia
338 _avolume
_bnc
_2rdacarrier
650 4 _aWRITING PARAGRAPHS AND ESSAYS -integrating Reading,Writing and Grammar Skills
_92263
999 _aE1184
_c1184
_d1184